[Event "Copenhagen Challenge"]
[Site "Ballerup"]
[Date "2007.??.??"]
[Round "9"]
[White "Nicolajsen, Esben"]
[Black "Akdag, Dara Sevkan"]
[Result "0-1"]
[WhiteElo "1887"]
[BlackElo "2018"]
[PlyCount "53"]
[EventDate "2007.05.02"]
[EventType "swiss"]
[EventRounds "9"]
[EventCountry "DEN"]
[SourceTitle "EXT 2018"]
[Source "ChessBase"]
[SourceDate "2017.10.13"]
[SourceVersion "1"]
[SourceVersionDate "2017.10.13"]
[SourceQuality "1"]

1. d4 e6 2. c4 b6 3. Nc3 Bb4 4. e3 Bb7 5. Nf3 f5 6. Be2 Nf6 7. Qc2 0-0 8. 0-0 Bxc3 9. Qxc3 Ne4 10. Qc2 d6 11. Nd2 Nd7 12. Nxe4 fxe4 13. Rd1 Qh4 14. g3 Qf6 15. Bf1 Qf5 16. b4 Rf7 17. Bb2 Raf8 18. Rd2 Nf6 19. Bg2 d5 20. c5 Ba6 21. h3 Bd3 22. Qd1 h5 23. Bf1 Bxf1 24. Qxf1 Nh7 25. h4 Nf6 26. Qe2 Ng4 27. Kg2 0-1